Śrī Ramaṇa Maharṣi sūktulu. (Record no. 76399)

MARC details
000 -LEADER
fixed length control field 00553cam a22002171 4500
001 - CONTROL NUMBER
control field sa 67007154
003 - CONTROL NUMBER IDENTIFIER
control field DLC
005 - DATE AND TIME OF LATEST TRANSACTION
control field 20260227112413.0
008 - FIXED-LENGTH DATA ELEMENTS--GENERAL INFORMATION
fixed length control field 890926s1966 ii c 000 0 telo
010 ## - LIBRARY OF CONGRESS CONTROL NUMBER
LC control number sa 67007154
035 ## - SYSTEM CONTROL NUMBER
System control number (OCoLC)20397744
040 ## - CATALOGING SOURCE
Original cataloging agency DLC
Transcribing agency WaU
Modifying agency DLC
050 00 - LIBRARY OF CONGRESS CALL NUMBER
Classification number BL1146.R35
Item number A2 1966
100 0# - MAIN ENTRY--PERSONAL NAME
Personal name Ramana,
Titles and words associated with a name Maharshi.
245 10 - TITLE STATEMENT
Title Śrī Ramaṇa Maharṣi sūktulu.
260 ## - PUBLICATION, DISTRIBUTION, ETC.
Date of publication, distribution, etc. [1966]
300 ## - PHYSICAL DESCRIPTION
Extent 113 p.
Other physical details port.
Dimensions 18 cm.
546 ## - LANGUAGE NOTE
Language note In Telugu.
500 ## - GENERAL NOTE
General note Hinduism.
700 2# - ADDED ENTRY--PERSONAL NAME
Personal name Venkata Rao, Kamalakara,
Dates associated with a name 1907-

No items available.

Powered by Koha